[Event "Capablanca Memorial op 53rd"]
[Site "Havana"]
[Date "2018.05.17"]
[Round "8"]
[White "Perez Perez, Osniel"]
[Black "Gonzalez Arredondo, Lazaro A"]
[Result "1/2-1/2"]
[WhiteElo "2200"]
[BlackElo "2039"]
[PlyCount "112"]
[EventDate "2018.05.09"]
[EventType "swiss"]
[EventRounds "10"]
[EventCountry "CUB"]
[SourceTitle "EXT 2021"]
[Source "ChessBase"]
[SourceDate "2020.10.23"]
[SourceVersion "1"]
[SourceVersionDate "2020.10.23"]
[SourceQuality "1"]

1. d4 Nf6 2. Bf4 g6 3. e3 Bg7 4. Nf3 0-0 5. Be2 d6 6. h3 c5 7. c3 cxd4 8. exd4 Qb6 9. Qb3 Qxb3 10. axb3 Nbd7 11. 0-0 Ne4 12. Bd3 f5 13. Re1 Ndf6 14. Nbd2 h6 15. Bh2 d5 16. Nf1 e6 17. Ne5 Kh7 18. f3 Ng5 19. b4 Nd7 20. Nxd7 Bxd7 21. Ra5 a6 22. Nd2 Rae8 23. b5 axb5 24. Bxb5 Bc6 25. Bxc6 bxc6 26. Rc5 Nf7 27. Rxc6 e5 28. Rc7 e4 29. b4 g5 30. Rd7 e3 31. Nf1 f4 32. Rxd5 Rc8 33. Rc5 Nh8 34. Nxe3 fxe3 35. Rxe3 Ng6 36. Bd6 Rfd8 37. Rxc8 Rxc8 38. b5 Rxc3 39. Rxc3 Bxd4+ 40. Kf1 Bxc3 41. b6 Bd4 42. b7 Ba7 43. Ke2 Nf4+ 44. Kf1 Ne6 45. b8Q Bxb8 46. Bxb8 Kg6 47. Ke2 h5 48. Kd3 h4 49. Bd6 Kf5 50. Ke3 Ng7 51. f4 g4 52. Be5 Ne6 53. hxg4+ Kxg4 54. Ke4 Nxf4 55. Bxf4 h3 56. gxh3+ Kxh3 1/2-1/2

[Event "Capablanca Memorial op 53rd"]
[Site "Havana"]
[Date "2018.05.13"]
[Round "5"]
[White "Galaviz Valdez, Manuel Antonio"]
[Black "Perez Perez, Osniel"]
[Result "1-0"]
[WhiteElo "2056"]
[BlackElo "2200"]
[PlyCount "81"]
[EventDate "2018.05.09"]
[EventType "swiss"]
[EventRounds "10"]
[EventCountry "CUB"]
[SourceTitle "EXT 2021"]
[Source "ChessBase"]
[SourceDate "2020.10.23"]
[SourceVersion "1"]
[SourceVersionDate "2020.10.23"]
[SourceQuality "1"]

1. d4 d5 2. Nf3 Nf6 3. e3 c5 4. c3 e6 5. Nbd2 Nc6 6. Bd3 Bd6 7. 0-0 0-0 8. dxc5 Bxc5 9. e4 Qc7 10. Qc2 dxe4 11. Nxe4 Nxe4 12. Bxe4 f5 13. Bd3 e5 14. Bc4+ Kh8 15. b4 Bd6 16. Ng5 e4 17. Qe2 Bxh2+ 18. Kh1 h6 19. Qh5 Bf4 20. g3 Bxc1 21. Raxc1 Qe7 22. Kg2 Ne5 23. Rh1 Bd7 24. Bb3 Bc6 25. Rce1 Be8 26. Qh4 Ng6 27. Qh5 Nf4+ 28. gxf4 Bxh5 29. Rxh5 Qc7 30. Ne6 Qxc3 31. Re3 Qxb4 32. Rg3 Rf7 33. Rg6 Kh7 34. Rg3 Re7 35. Rxf5 Qd6 36. Nf8+ Rxf8 37. Rxf8 g6 38. f5 g5 39. Rc3 e3 40. f6 e2 41. Bc2+ 1-0

[Event "Capablanca Memorial op-B 45th"]
[Site "Havana"]
[Date "2011.05.17"]
[Round "6"]
[White "Perez Perez, Osniel"]
[Black "Quesada Chow, Ismael Adan"]
[Result "1-0"]
[WhiteElo "2263"]
[BlackElo "2131"]
[PlyCount "89"]
[EventDate "2011.05.11"]
[EventType "swiss"]
[EventRounds "7"]
[EventCountry "CUB"]
[SourceTitle "CBM 142 Extra"]
[Source "ChessBase"]
[SourceDate "2011.06.27"]
[SourceVersion "1"]
[SourceVersionDate "2011.06.27"]
[SourceQuality "1"]

1. e4 c5 2. Nf3 g6 3. d4 cxd4 4. Nxd4 Nc6 5. Nc3 Bg7 6. Nb3 Nf6 7. Be2 0-0 8. 0-0 a6 9. Re1 b5 10. Bf1 d6 11. a4 b4 12. Nd5 Bb7 13. Bg5 Nd7 14. Qd2 Bxb2 15. Rad1 Nb6 16. Nxb4 Nxa4 17. Nd5 Bg7 18. f4 Rc8 19. e5 dxe5 20. fxe5 Nb6 21. Nxe7+ Nxe7 22. Qxd8 Rfxd8 23. Rxd8+ Rxd8 24. Bxe7 Re8 25. Bd6 Nd7 26. Na5 Bc8 27. Nc6 Bf8 28. Ra1 Bb7 29. Na5 Be4 30. Bxa6 Bxc2 31. Bb5 Bf5 32. Nc6 Kg7 33. Ra7 Bxd6 34. exd6 Re1+ 35. Kf2 Rd1 36. Ne7 Ne5 37. Nxf5+ gxf5 38. d7 Kf6 39. Ke3 Ke7 40. Kf4 Rd5 41. Rb7 Ng6+ 42. Kg5 f4+ 43. Kg4 Rd2 44. Rb8 Rd4 45. Re8+ 1-0

[Event "Capablanca Memorial op-B 45th"]
[Site "Havana"]
[Date "2011.05.12"]
[Round "2"]
[White "Perez Perez, Osniel"]
[Black "Borges del Pino, Oliver"]
[Result "1-0"]
[WhiteElo "2263"]
[BlackElo "2209"]
[PlyCount "101"]
[EventDate "2011.05.11"]
[EventType "swiss"]
[EventRounds "7"]
[EventCountry "CUB"]
[SourceTitle "CBM 142 Extra"]
[Source "ChessBase"]
[SourceDate "2011.06.27"]
[SourceVersion "1"]
[SourceVersionDate "2011.06.27"]
[SourceQuality "1"]

1. e4 c5 2. Nf3 d6 3. d4 cxd4 4. Nxd4 Nf6 5. Nc3 Nc6 6. Bg5 e6 7. Qd2 Be7 8. 0-0-0 Nxd4 9. Qxd4 0-0 10. f3 a6 11. h4 Qc7 12. Qd2 Rd8 13. Bd3 b5 14. g4 b4 15. Ne2 a5 16. Kb1 a4 17. h5 Ra5 18. Be3 d5 19. g5 Nxe4 20. fxe4 dxe4 21. g6 exd3 22. gxf7+ Kxf7 23. cxd3 a3 24. h6 g6 25. b3 Qd6 26. d4 Bb7 27. Rhf1+ Rf5 28. Bf4 Qd5 29. Ng3 Rf6 30. Bg5 Qg2 31. Bxf6 Bxf6 32. Qxg2 Bxg2 33. Rf2 Bh3 34. Rc1 Rd7 35. Rc4 Ke7 36. d5 exd5 37. Rcf4 Rd6 38. Rxb4 Be5 39. Rb7+ Bd7 40. Nf1 d4 41. Nd2 Re6 42. Kc2 Ke8 43. Nc4 Bg3 44. Rd2 Re4 45. b4 Be6 46. Nxa3 Re3 47. Nb5 Bf5+ 48. Kb2 Be5 49. Nxd4 g5 50. Rb5 g4 51. Rc5 1-0

[Event "Capablanca Memorial op 45th"]
[Site "Havana"]
[Date "2010.06.16"]
[Round "6"]
[White "Garcia Fuentes, Sergio Miguel"]
[Black "Perez Perez, Osniel"]
[Result "1/2-1/2"]
[WhiteElo "2169"]
[BlackElo "2318"]
[PlyCount "143"]
[EventDate "2010.06.10"]
[EventType "swiss"]
[EventRounds "10"]
[EventCountry "CUB"]
[SourceTitle "CBM 137 Extra"]
[Source "ChessBase"]
[SourceDate "2010.09.01"]
[SourceVersion "1"]
[SourceVersionDate "2010.09.01"]
[SourceQuality "1"]

1. e4 c5 2. Nf3 e6 3. d4 cxd4 4. Nxd4 a6 5. Nd2 Nc6 6. Nxc6 bxc6 7. Bd3 e5 8. b3 Ne7 9. Bb2 Ng6 10. 0-0 Bc5 11. Qf3 0-0 12. Nc4 d6 13. Ne3 Nf4 14. Rad1 Qg5 15. Qg3 h6 16. Rfe1 a5 17. a3 g6 18. Bf1 Ba6 19. Nc4 Bxc4 20. Bxc4 Kg7 21. Bf1 f6 22. Bc1 Qxg3 23. hxg3 Ne6 24. c3 Rfd8 25. b4 axb4 26. axb4 Bb6 27. b5 cxb5 28. Bxb5 Bc5 29. Bc4 Ng5 30. Bd5 Ra4 31. Be3 Rb8 32. Bxc5 dxc5 33. f4 Nf7 34. Rb1 Rxb1 35. Rxb1 Nd6 36. c4 g5 37. Rb6 Nxc4 38. Rb7+ Kf8 39. Rf7+ Ke8 40. Rxf6 exf4 41. gxf4 gxf4 42. Rxf4 Ke7 43. Rh4 Ne3 44. Rh5 Ng4 45. Kf1 Kf6 46. Ke2 Kg6 47. Rh1 c4 48. Rc1 Ne5 49. Ke3 Ra2 50. Bxc4 Rxg2 51. Be6 Kf6 52. Bf5 Rg3+ 53. Kf2 Ra3 54. Kg2 Kg5 55. Rc2 h5 56. Rf2 Nd3 57. Rd2 Kf4 58. Re2 h4 59. Kh2 Ra1 60. Rg2 Ne5 61. Kh3 Rh1+ 62. Rh2 Rg1 63. Rg2 Rh1+ 64. Rh2 Ra1 65. Rf2+ Nf3 66. Rxf3+ Kxf3 67. Kxh4 Rg1 68. Kh5 Kf4 69. Kh6 Ke5 70. Kh7 Kf6 71. Kh8 Kf7 72. Bh7 1/2-1/2

[Event "Capablanca Memorial op 45th"]
[Site "Havana"]
[Date "2010.06.14"]
[Round "5"]
[White "Ostos, Julio Eduardo"]
[Black "Perez Perez, Osniel"]
[Result "1-0"]
[WhiteElo "2273"]
[BlackElo "2318"]
[PlyCount "51"]
[EventDate "2010.06.10"]
[EventType "swiss"]
[EventRounds "10"]
[EventCountry "CUB"]
[SourceTitle "CBM 137 Extra"]
[Source "ChessBase"]
[SourceDate "2010.09.01"]
[SourceVersion "1"]
[SourceVersionDate "2010.09.01"]
[SourceQuality "1"]

1. e4 c5 2. Nf3 d6 3. Nc3 Nc6 4. d4 cxd4 5. Nxd4 Nf6 6. Bc4 Qb6 7. Nde2 e6 8. 0-0 a6 9. a4 Be7 10. Ng3 h5 11. h3 Bd7 12. Bb3 h4 13. Nge2 Qa5 14. f4 0-0-0 15. Be3 Rdg8 16. f5 g5 17. fxe6 fxe6 18. Nb5 Nxe4 19. Rf7 axb5 20. axb5 Qxb5 21. Nd4 Nxd4 22. Qxd4 Ng3 23. Qb6 Qxb6 24. Bxb6 Kb8 25. Rxe7 Rd8 26. Bxe6 1-0

[Event "Basarrate Memorial"]
[Site "Havana"]
[Date "2009.11.22"]
[Round "17"]
[White "Perez Perez, Osniel"]
[Black "Fernandez Fernandez, German"]
[Result "1-0"]
[WhiteElo "2309"]
[BlackElo "2304"]
[PlyCount "127"]
[EventDate "2009.11.08"]
[EventType "tourn"]
[EventRounds "18"]
[EventCountry "CUB"]
[SourceTitle "EXT 2011"]
[Source "ChessBase"]
[SourceDate "2010.11.26"]
[SourceVersion "1"]
[SourceVersionDate "2010.11.26"]
[SourceQuality "1"]

1. e4 e6 2. d4 d5 3. e5 c5 4. c3 Nc6 5. Nf3 Qb6 6. Be2 cxd4 7. cxd4 Nge7 8. b3 Nf5 9. Bb2 Bb4+ 10. Kf1 Bd7 11. g3 0-0 12. Kg2 f6 13. a3 Be7 14. b4 fxe5 15. dxe5 Be8 16. Nc3 Bh5 17. Na4 Qc7 18. Rc1 Bxf3+ 19. Bxf3 Qd7 20. Nc5 Bxc5 21. Rxc5 Qf7 22. Re1 Nfd4 23. Bxd4 Nxd4 24. Re3 Nxf3 25. Rxf3 Qxf3+ 26. Qxf3 Rxf3 27. Kxf3 Rf8+ 28. Ke3 g5 29. f4 gxf4+ 30. gxf4 Kg7 31. Rc7+ Rf7 32. Rc8 Kg6 33. b5 a5 34. bxa6 bxa6 35. Re8 Kf5 36. h3 a5 37. Kd4 Kxf4 38. Rxe6 Kg5 39. Ra6 Rf3 40. h4+ Kxh4 41. Rxa5 Kg5 42. Kxd5 h5 43. Ra8 Re3 44. e6 h4 45. Kd6 Rd3+ 46. Ke7 h3 47. a4 Rd4 48. Rg8+ Kf5 49. a5 Rh4 50. Rg1 h2 51. Rh1 Rh7+ 52. Kd6 Rh6 53. Kd7 Rxe6 54. Rxh2 Ra6 55. Rh5+ Ke4 56. Kc7 Kd4 57. Kb7 Re6 58. a6 Re7+ 59. Kb6 Re6+ 60. Kb5 Re7 61. Rh4+ Kd5 62. Ra4 Ra7 63. Kb6 Ra8 64. a7 1-0

[Event "Basarrate Memorial"]
[Site "Havana"]
[Date "2009.11.09"]
[Round "2"]
[White "Alarcon Casellas, Rolando"]
[Black "Perez Perez, Osniel"]
[Result "0-1"]
[WhiteElo "2399"]
[BlackElo "2309"]
[PlyCount "84"]
[EventDate "2009.11.08"]
[EventType "tourn"]
[EventRounds "18"]
[EventCountry "CUB"]
[SourceTitle "EXT 2011"]
[Source "ChessBase"]
[SourceDate "2010.11.26"]
[SourceVersion "1"]
[SourceVersionDate "2010.11.26"]
[SourceQuality "1"]

1. d4 Nf6 2. c4 g6 3. Nc3 d5 4. cxd5 Nxd5 5. e4 Nxc3 6. bxc3 Bg7 7. Bc4 c5 8. Ne2 Nc6 9. Be3 0-0 10. 0-0 Qc7 11. Rc1 Rd8 12. Qd2 b6 13. Bf4 Qd7 14. d5 Na5 15. Bd3 c4 16. Bc2 e6 17. Rcd1 Nb7 18. dxe6 Qxe6 19. Qe3 Bd7 20. Nd4 Qe7 21. e5 Nc5 22. Qg3 h6 23. h4 Re8 24. Rfe1 b5 25. e6 Nxe6 26. Bxh6 Bxh6 27. Nf5 Qf8 28. Rxd7 Bf4 29. Qg4 Rad8 30. Rxd8 Rxd8 31. Rxe6 fxe6 32. Qxg6+ Kh8 33. Nd4 Qh6 34. g3 Qxg6 35. Bxg6 Be5 36. Nxb5 Rd2 37. Nxa7 Bxc3 38. Nb5 Ba5 39. Na3 c3 40. Nc2 Bb6 41. Ne3 Bxe3 42. fxe3 c2 0-1

[Event "Ortega Memorial 6th"]
[Site "Havana"]
[Date "2009.08.08"]
[Round "11"]
[White "Olivera Medrano, Joan"]
[Black "Perez Perez, Osniel"]
[Result "1-0"]
[WhiteElo "2380"]
[BlackElo "2304"]
[PlyCount "75"]
[EventDate "2009.07.19"]
[EventType "tourn"]
[EventRounds "14"]
[EventCountry "CUB"]
[SourceTitle "EXT 2011"]
[Source "ChessBase"]
[SourceDate "2010.11.26"]
[SourceVersion "1"]
[SourceVersionDate "2010.11.26"]
[SourceQuality "1"]

1. d4 Nf6 2. c4 e6 3. Nf3 c5 4. g3 cxd4 5. Nxd4 Qc7 6. Qd3 a6 7. Bg2 Nc6 8. b3 d5 9. Nxc6 bxc6 10. 0-0 Be7 11. Nc3 0-0 12. e4 Bb7 13. exd5 cxd5 14. cxd5 exd5 15. Bb2 Rad8 16. Rac1 Qb8 17. Rfd1 Ne4 18. Nxe4 dxe4 19. Qe2 Qa8 20. Qg4 g6 21. Qf4 f6 22. Qc7 Rxd1+ 23. Rxd1 Rf7 24. Bh3 f5 25. Qe5 Bf6 26. Qxf6 Rxf6 27. Bxf6 Kf7 28. Bg5 Bd5 29. Bf1 Ke6 30. h4 Qc6 31. Rc1 Qd6 32. Bf4 Qa3 33. Rc2 h5 34. Be3 Qd6 35. Rd2 Qc6 36. Rd4 a5 37. Rd2 Kf7 38. Rxd5 1-0

[Event "Ortega Memorial 6th"]
[Site "Havana"]
[Date "2009.08.04"]
[Round "7"]
[White "Rios Valdes, Henry Santiago"]
[Black "Perez Perez, Osniel"]
[Result "1/2-1/2"]
[WhiteElo "2223"]
[BlackElo "2304"]
[PlyCount "42"]
[EventDate "2009.07.19"]
[EventType "tourn"]
[EventRounds "14"]
[EventCountry "CUB"]
[SourceTitle "EXT 2011"]
[Source "ChessBase"]
[SourceDate "2010.11.26"]
[SourceVersion "1"]
[SourceVersionDate "2010.11.26"]
[SourceQuality "1"]

1. e4 e5 2. Nf3 Nc6 3. Bb5 Nge7 4. 0-0 g6 5. d4 exd4 6. Nxd4 Bg7 7. Nxc6 bxc6 8. Ba4 0-0 9. Nc3 Kh8 10. Be3 d6 11. Bd4 f6 12. Ne2 c5 13. Bc3 Be6 14. Nf4 Bf7 15. Nd5 Be6 16. Re1 Bd7 17. Bxd7 Qxd7 18. Qf3 Nc6 19. Rad1 Ne5 20. Qe2 c6 21. Ne3 Qe7 1/2-1/2

[Event "Ortega Memorial 6th"]
[Site "Havana"]
[Date "2009.07.31"]
[Round "3"]
[White "Perez Perez, Osniel"]
[Black "Alarcon Casellas, Rolando"]
[Result "0-1"]
[WhiteElo "2304"]
[BlackElo "2396"]
[PlyCount "78"]
[EventDate "2009.07.19"]
[EventType "tourn"]
[EventRounds "14"]
[EventCountry "CUB"]
[SourceTitle "EXT 2011"]
[Source "ChessBase"]
[SourceDate "2010.11.26"]
[SourceVersion "1"]
[SourceVersionDate "2010.11.26"]
[SourceQuality "1"]

1. e4 c5 2. Nf3 Nc6 3. d4 cxd4 4. Nxd4 Qc7 5. Nxc6 dxc6 6. Nc3 e5 7. Bc4 Nf6 8. Qe2 b5 9. Bb3 a5 10. a3 Ba6 11. Qf3 Be7 12. 0-0 0-0 13. Ne2 c5 14. c3 Bc8 15. h3 c4 16. Bc2 Ne8 17. g4 a4 18. Ng3 g6 19. Kh2 Ng7 20. Rg1 Ra6 21. Bh6 f6 22. Qg2 Rf7 23. Rad1 Rd6 24. Rd5 Bd7 25. Rf1 Bc6 26. f4 Bxd5 27. exd5 Rd8 28. f5 e4 29. fxg6 hxg6 30. Qxe4 f5 31. Qe3 Bd6 32. Bf4 Bxf4 33. Rxf4 g5 34. Rxf5 Nxf5 35. Bxf5 Qe7 36. Be6 Kf8 37. Nf5 Rxf5 38. gxf5 Rxd5 39. Kg2 Rxf5 0-1

[Event "Ortega Memorial 6th"]
[Site "Havana"]
[Date "2009.07.30"]
[Round "2"]
[White "Fuentes Vasallo, Eduardo Alberto"]
[Black "Perez Perez, Osniel"]
[Result "0-1"]
[WhiteElo "2167"]
[BlackElo "2304"]
[PlyCount "62"]
[EventDate "2009.07.19"]
[EventType "tourn"]
[EventRounds "14"]
[EventCountry "CUB"]
[SourceTitle "EXT 2011"]
[Source "ChessBase"]
[SourceDate "2010.11.26"]
[SourceVersion "1"]
[SourceVersionDate "2010.11.26"]
[SourceQuality "1"]

1. e4 c5 2. Nf3 d6 3. d4 cxd4 4. Nxd4 Nf6 5. Nc3 Nc6 6. Bg5 e6 7. Qd2 Be7 8. 0-0-0 0-0 9. Nb3 a6 10. f4 b5 11. Bxf6 gxf6 12. Kb1 Kh8 13. Be2 Qb6 14. Rhf1 Bd7 15. Bh5 a5 16. Rf3 a4 17. Nc1 b4 18. N3e2 Rg8 19. g4 Be8 20. Rh3 Rc8 21. f5 exf5 22. exf5 Ne5 23. Qh6 Rg7 24. g5 d5 25. Rxd5 Qc6 26. Rd2 Nc4 27. Rdd3 Na3+ 28. bxa3 Qxc2+ 29. Ka1 bxa3 30. Rxa3 Bxa3 31. Rxa3 Rb8 0-1

[Event "Havana Guillermo Soto Memorial"]
[Site "Havana"]
[Date "2007.06.26"]
[Round "2"]
[White "Cespedes Beltran, Manuel"]
[Black "Perez Perez, Osniel"]
[Result "1-0"]
[WhiteElo "2208"]
[BlackElo "2180"]
[PlyCount "81"]
[EventDate "2007.06.18"]
[EventType "tourn"]
[EventRounds "14"]
[EventCountry "CUB"]
[SourceTitle "EXT 2019"]
[Source "ChessBase"]
[SourceDate "2018.10.10"]
[SourceVersion "1"]
[SourceVersionDate "2018.10.10"]
[SourceQuality "1"]

1. e4 c5 2. Nf3 d6 3. Bb5+ Bd7 4. Bxd7+ Qxd7 5. c4 Nc6 6. Nc3 g6 7. d4 cxd4 8. Nxd4 Bg7 9. Be3 Nf6 10. f3 0-0 11. 0-0 a6 12. a4 e6 13. Rc1 Rac8 14. Nde2 Rfe8 15. Bb6 Qe7 16. f4 Nd7 17. Bf2 Nb4 18. b3 Nc5 19. Bg3 f5 20. exf5 exf5 21. Rf3 Rcd8 22. Bf2 Ne4 23. Bb6 Rd7 24. Nd5 Nxd5 25. Qxd5+ Kh8 26. Re3 Qh4 27. Rf1 Rde7 28. Ng3 Nxg3 29. hxg3 Qf6 30. Rfe1 h5 31. Kh2 Rxe3 32. Rxe3 Rxe3 33. Bxe3 h4 34. Qxb7 hxg3+ 35. Kxg3 Qc3 36. Qb6 Kh7 37. Kh2 Kh6 38. Bf2 Qd2 39. Qe3 Qxe3 40. Bxe3 Kh7 41. b4 1-0

[Event "Havana Guillermo Soto Memorial"]
[Site "Havana"]
[Date "2007.06.23"]
[Round "1"]
[White "Larrua Gonzalez, Fernando Oscar"]
[Black "Perez Perez, Osniel"]
[Result "0-1"]
[WhiteElo "2245"]
[BlackElo "2180"]
[PlyCount "90"]
[EventDate "2007.06.18"]
[EventType "tourn"]
[EventRounds "14"]
[EventCountry "CUB"]
[SourceTitle "EXT 2019"]
[Source "ChessBase"]
[SourceDate "2018.10.10"]
[SourceVersion "1"]
[SourceVersionDate "2018.10.10"]
[SourceQuality "1"]

1. e4 c5 2. Nf3 d6 3. d4 cxd4 4. Nxd4 Nf6 5. Nc3 g6 6. Bc4 Bg7 7. Be3 0-0 8. f3 Nc6 9. Qd2 Nxd4 10. Bxd4 Be6 11. Bb3 Qa5 12. 0-0 Rfc8 13. Rad1 Nd7 14. Bd5 Rab8 15. Kh1 Ne5 16. Qg5 Bf6 17. Qe3 Nc4 18. Bxc4 Bxd4 19. Rxd4 Bxc4 20. Rfd1 b5 21. a3 b4 22. Nb1 Qc5 23. Qd2 bxa3 24. Nxa3 Be6 25. c3 a5 26. Qf2 Rb3 27. R4d2 Qxf2 28. Rxf2 Rcb8 29. Ra1 Rxb2 30. Rxb2 Rxb2 31. h3 Kg7 32. Kh2 h5 33. h4 Kf6 34. Kg3 Ke5 35. Rb1 Rxb1 36. Nxb1 f5 37. exf5 Bxf5 38. Na3 Kd5 39. Kf4 e5+ 40. Ke3 Kc5 41. f4 exf4+ 42. Kxf4 d5 43. Ke3 d4+ 44. Kd2 Be4 45. g3 Bf5 0-1

[Event "Havana Guillermo Soto Memorial"]
[Site "Havana"]
[Date "2007.06.19"]
[Round "1"]
[White "Perez Perez, Osniel"]
[Black "Cespedes Beltran, Manuel"]
[Result "0-1"]
[WhiteElo "2180"]
[BlackElo "2208"]
[PlyCount "56"]
[EventDate "2007.06.18"]
[EventType "tourn"]
[EventRounds "14"]
[EventCountry "CUB"]
[SourceTitle "EXT 2019"]
[Source "ChessBase"]
[SourceDate "2018.10.10"]
[SourceVersion "1"]
[SourceVersionDate "2018.10.10"]
[SourceQuality "1"]

1. e4 c5 2. Nf3 Nc6 3. c3 Nf6 4. e5 Nd5 5. d4 cxd4 6. cxd4 d6 7. Bc4 Nb6 8. Bd3 Bg4 9. Bb5 dxe5 10. dxe5 Qxd1+ 11. Kxd1 0-0-0+ 12. Nbd2 Nxe5 13. Be2 Nxf3 14. gxf3 Bf5 15. a4 e5 16. a5 Nd5 17. a6 b6 18. Bc4 Bc5 19. Ke1 Nb4 20. Ra4 Bd7 21. Rxb4 Bxb4 22. Ke2 f5 23. Nf1 Bc6 24. Rg1 g6 25. Bg5 Rd4 26. b3 Bd5 27. Bb5 Bxb3 28. Bf6 Bd1+ 0-1

[Event "Havana Guevara Memorial 1st"]
[Site "Havana"]
[Date "2007.06.06"]
[Round "3"]
[White "Perez Perez, Osniel"]
[Black "Coto Mederos, Michel"]
[Result "0-1"]
[WhiteElo "2180"]
[BlackElo "2281"]
[PlyCount "72"]
[EventDate "2007.06.04"]
[EventType "tourn"]
[EventRounds "11"]
[EventCountry "CUB"]
[SourceTitle "EXT 2019"]
[Source "ChessBase"]
[SourceDate "2018.10.10"]
[SourceVersion "1"]
[SourceVersionDate "2018.10.10"]
[SourceQuality "1"]

1. e4 e5 2. Nf3 Nc6 3. Nc3 Nf6 4. Bb5 Bb4 5. 0-0 0-0 6. d3 d6 7. Bg5 Ne7 8. Ne2 Ng6 9. c3 Ba5 10. Nh4 h6 11. Bxf6 Qxf6 12. Nxg6 fxg6 13. d4 g5 14. dxe5 dxe5 15. Bd7 Bb6 16. Bxc8 Raxc8 17. Qd5+ Kh7 18. Qxb7 Rb8 19. Qd5 Bxf2+ 20. Kh1 Rxb2 21. Ng3 g6 22. Rab1 Rxb1 23. Rxb1 Bb6 24. c4 Rd8 25. Qb7 Qd6 26. Rf1 Rf8 27. Qd5 Qxd5 28. exd5 Rxf1+ 29. Nxf1 e4 30. Ng3 e3 31. Ne2 Kg7 32. g4 Kf6 33. Kg2 Ke5 34. Kf3 Bc5 35. Nc3 Kd4 36. Nb5+ Kd3 0-1

[Event "Havana Guines"]
[Site "Havana"]
[Date "2000.??.??"]
[Round "6"]
[White "Perez Perez, Osniel"]
[Black "Diaz, Dagoberto"]
[Result "0-1"]
[WhiteElo "2210"]
[BlackElo "2145"]
[PlyCount "46"]
[EventDate "2000.??.??"]
[EventType "tourn"]
[EventRounds "9"]
[EventCountry "CUB"]
[SourceTitle "EXT 2003"]
[Source "ChessBase"]
[SourceDate "2002.11.25"]
[SourceVersion "1"]
[SourceVersionDate "2002.11.25"]
[SourceQuality "1"]

1. e4 c5 2. Nf3 Nc6 3. Nc3 d6 4. d4 cxd4 5. Nxd4 e5 6. Nde2 Be7 7. Be3 Nf6 8. f3 Be6 9. Bg5 Nxe4 10. Nxe4 Bxg5 11. Nxd6+ Ke7 12. Ne4 Qa5+ 13. N2c3 Rhd8 14. Bd3 Be3 15. Qe2 Bd4 16. a3 f5 17. Nd2 Bxc3 18. bxc3 Qxc3 19. 0-0 Kf8 20. Rab1 Rd7 21. Nc4 Bxc4 22. Bxc4 Rd2 23. Rb3 Qxc2 0-1

[Event "Havana Guines"]
[Site "Havana"]
[Date "2000.??.??"]
[Round "2"]
[White "Perez Perez, Osniel"]
[Black "Olivares Canelles, Francisco"]
[Result "0-1"]
[WhiteElo "2210"]
[BlackElo "2000"]
[PlyCount "132"]
[EventDate "2000.??.??"]
[EventType "tourn"]
[EventRounds "9"]
[EventCountry "CUB"]
[SourceTitle "EXT 2003"]
[Source "ChessBase"]
[SourceDate "2002.11.25"]
[SourceVersion "1"]
[SourceVersionDate "2002.11.25"]
[SourceQuality "1"]

1. e4 e5 2. Nf3 Nc6 3. Bb5 a6 4. Ba4 Nf6 5. d3 b5 6. Bb3 Be7 7. 0-0 d6 8. a3 Bg4 9. c3 0-0 10. h3 Bh5 11. Nbd2 Na5 12. Ba2 c5 13. Re1 Qc7 14. Nf1 Rfe8 15. g4 Bg6 16. Bg5 Nd7 17. h4 h6 18. Bxe7 Rxe7 19. Ne3 Nb6 20. h5 Bh7 21. Bd5 Rae8 22. b3 Nc6 23. Kh2 Nd8 24. Rg1 Ne6 25. g5 Kh8 26. Bxe6 Rxe6 27. c4 Qd8 28. Nf5 Rg8 29. Qd2 hxg5 30. Rxg5 Bxf5 31. Rxf5 Rf6 32. Qg5 Nd7 33. Rg1 Rxf5 34. Qxf5 Qf6 35. Qxd7 Qxf3 36. Qxd6 bxc4 37. bxc4 Qxf2+ 38. Rg2 Qf4+ 39. Kg1 f5 40. exf5 Qxf5 41. Qg6 Qf4 42. Qg5 Qd4+ 43. Kh1 Qxd3 44. Qxe5 Qf1+ 45. Kh2 Qxc4 46. h6 Qh4+ 47. Kg1 Qd4+ 48. Qxd4 cxd4 49. Rd2 gxh6+ 50. Kf2 Rd8 51. Kf3 Kg7 52. Ke4 d3 53. Ke3 Kf6 54. Rf2+ Ke5 55. Kd2 Rd6 56. Rh2 Kf4 57. Rg2 h5 58. a4 a5 59. Rg8 h4 60. Rf8+ Kg3 61. Rg8+ Kh2 62. Rg5 Rd4 63. Rxa5 h3 64. Rh5 Kg3 65. a5 h2 66. a6 Rh4 0-1

[Event "Havana Guines"]
[Site "Havana"]
[Date "2000.??.??"]
[Round "3"]
[White "Sanchez Cabrera, Circe"]
[Black "Perez Perez, Osniel"]
[Result "1-0"]
[WhiteElo "2100"]
[BlackElo "2210"]
[PlyCount "55"]
[EventDate "2000.??.??"]
[EventType "tourn"]
[EventRounds "9"]
[EventCountry "CUB"]
[SourceTitle "EXT 2003"]
[Source "ChessBase"]
[SourceDate "2002.11.25"]
[SourceVersion "1"]
[SourceVersionDate "2002.11.25"]
[SourceQuality "1"]

1. e4 b6 2. Nc3 Bb7 3. d4 e6 4. Nf3 Bb4 5. Bd3 Nf6 6. Qe2 d5 7. e5 Ne4 8. Bd2 Nxd2 9. Qxd2 Nd7 10. a3 Be7 11. Ne2 c5 12. c3 0-0 13. 0-0 a5 14. Rad1 Ba6 15. Bb1 Rc8 16. Rfe1 Bxe2 17. Rxe2 Re8 18. Qd3 Nf8 19. g3 Qc7 20. h4 cxd4 21. cxd4 Qc4 22. Qe3 Qa4 23. Rc1 b5 24. Bc2 Qc4 25. Bxh7+ Nxh7 26. Rxc4 Rxc4 27. Qb3 Rb8 28. Rc2 1-0

[Event "Havana Guines"]
[Site "Havana"]
[Date "2000.??.??"]
[Round "9"]
[White "Toledo Saldivar, Wilfredo"]
[Black "Perez Perez, Osniel"]
[Result "0-1"]
[WhiteElo "2155"]
[BlackElo "2210"]
[PlyCount "44"]
[EventDate "2000.??.??"]
[EventType "tourn"]
[EventRounds "9"]
[EventCountry "CUB"]
[SourceTitle "EXT 2003"]
[Source "ChessBase"]
[SourceDate "2002.11.25"]
[SourceVersion "1"]
[SourceVersionDate "2002.11.25"]
[SourceQuality "1"]

1. e4 c5 2. Nf3 d6 3. d4 cxd4 4. Nxd4 Nf6 5. Nc3 Nc6 6. Bg5 e6 7. Qd2 a6 8. 0-0-0 Nxd4 9. Qxd4 Be7 10. f4 b5 11. Be2 Qc7 12. Bf3 Bb7 13. Kb1 Rc8 14. Rd2 e5 15. Qd3 b4 16. Nd5 Nxd5 17. exd5 Bxg5 18. fxg5 Qc4 19. Qe3 Qc5 20. Qe4 a5 21. Rf1 Rc7 22. Bg4 a4 0-1